Category Cracker: Television Quiz Stats

 Plays Quiz Updated Oct 18, 2019

Score 0/36 Timer 07:00
9 Plays Today
Category Answer % Correct
CATEGORY 1Main Simpsons Family Members
100%
CATEGORY 1Homer [I]
94.5%
CATEGORY 1Lisa [G]
94.4%
CATEGORY 1Bart [N]
94.3%
CATEGORY 1Marge [K]
93.9%
CATEGORY 1Maggie [S]
93%
CATEGORY 2Game of Thrones Characters in Over 50 Episodes
86.3%
CATEGORY 2Jon Snow [T]
78.6%
CATEGORY 2Tyrion Lannister [C]
75.6%
CATEGORY 2Cersei Lannister [A]
75.2%
CATEGORY 2Daenerys Targaryen [S]
75%
CATEGORY 2Jaime Lannister [A]
73.9%
CATEGORY 2Ser Jorah Mormont [Y]
73%
CATEGORY 3Gilligan's Island Castaways
71.2%
CATEGORY 2Arya Stark [W]
69%
CATEGORY 2Sansa Stark [A]
67.9%
CATEGORY 3Gilligan [T]
67.3%
CATEGORY 3Captain Jonas Grumby [R]
64.7%
Category Answer % Correct
CATEGORY 3Ginger Grant [K]
64.6%
CATEGORY 3Professor Roy Hinkley [I]
64.4%
CATEGORY 3Mary Ann Summers [E]
63.7%
CATEGORY 3Thurston Howell III [E]
62.7%
CATEGORY 3'Lovey' Wentworth Howell [K]
62.7%
CATEGORY 4Star Trek TV Series Subtitles
61.3%
CATEGORY 4The Next Generation [R]
54.4%
CATEGORY 4Deep Space Nine [C]
51.5%
CATEGORY 4Voyager [A]
51.3%
CATEGORY 4Enterprise [S]
49.8%
CATEGORY 4Discovery [M]
47.5%
CATEGORY 4The Original Series [S]
46.9%
CATEGORY 4The Animated Series [A]
45.6%
CATEGORY 5The Golden Girls
45.2%
CATEGORY 5Blanche Devereaux [E]
41.2%
CATEGORY 5Rose Nylund [V]
40.8%
CATEGORY 5Dorothy Zbornak [O]
39.8%
CATEGORY 5Sophia Petrillo [R]
39.5%

You're not logged in!

Compare scores with friends on all Sporcle quizzes.
OR
Log In

Sporcle TV

Today on Sporcle TV


Watch our educational content, quiz creation guides, and fun videos on Sporcle TV.

Show Comments

Extras

Top Quizzes Today


Score Distribution

Your Account Isn't Verified!

In order to create a playlist on Sporcle, you need to verify the email address you used during registration. Go to your Sporcle Settings to finish the process.

Report this User

Report this user for behavior that violates our Community Guidelines.

Details: